Landlocked Europe Countries - Sudden Death - Statistics

General Stats
  • This quiz has been taken 48 times
  • The average score is 12 of 15
Answers on the Grid
Answers color-coded by a green-red scale on the quiz's grid according to % correct below.
Albania
Andorra
Austria
Belarus
Belgium
Bosnia and Herzegovina
Bulgaria
Croatia
Cyprus
Czechia
Denmark
Estonia
Finland
France
Germany
Greece
Hungary
Iceland
Ireland
Italy
Kosovo
Latvia
Liechtenstein
Lithuania
Luxembourg
Malta
Moldova
Monaco
Montenegro
Netherlands
North Macedonia
Norway
Poland
Portugal
Romania
Russia
San Marino
Serbia
Slovakia
Slovenia
Spain
Sweden
Switzerland
Turkey
Ukraine
United Kingdom
Vatican City
 
Answer Stats
Answer % Correct
Andorra
88%
Austria
88%
Hungary
83%
Vatican City
83%
Luxembourg
81%
Belarus
79%
Czechia
79%
Kosovo
79%
Liechtenstein
79%
Switzerland
76%
Slovakia
74%
Moldova
71%
San Marino
71%
North Macedonia
67%
Serbia
67%
No matching quizzes found
Score Distribution
Percent of People with Each Score
Percentile by Number Answered
Your Score History
You have not taken this quiz